| LEADER 00000nam 2200000uu 4500 |
| 001 210680 |
| 003 ULIBM |
| 008 020711s2553 th a 000 0 tha d |
| 020 978-974-414-153-8
|
| 050 HD57.7 ม464ค 2553
|
| 245 คิดแบบบูรณาการ:เพิ่มพลังกระบวนการคิดตามแบบวิถีของผู้นำที่ประสบความสำเร็จ=^bThe opposable mind/^cผู้เขียน;Roger Martin;ผู้แปล ปวีณา แปลงประวัติ
|
| 246 00 เพิ่มพลังกระบวนการคิดตามแบบวิถีของผู้นำที่ประสบความสำเร็จ
|
| 250 พิมพ์ครั้งที่ 1
|
| 260 กรุงเทพฯ :^bเอ็กซ์เปอร์เน็ต,^c2553
|
| 300 248 หน้า :^bภาพประกอบ ;^c24 ซม.
|
| 650 0 ภาวะผู้นำ^xแง่จิตวิทยา
|
| 650 0 ความคิดและการคิด
|
| 650 0 การแก้ปัญหา
|
| 650 0 การตัดสินใจ
|
| 650 0 ผู้ประสบความสำเร็จ^xสัมภาษณ์
|
| 700 0 Roger Martin
|
| 700 0 ปวีณา แปลงประวัติ;ผู้แปล
|
| 999 ^aใช้งานได้ทุกระบบ
|